Responses for Show #8753 - Wednesday, November 30, 2022

Cris Pannullo game 18.

Contestants

[<< previous game]

Randall Rayford, a solar project developer from Houston, Texas

Jeannette Bonjour, a retired English teacher from Kansas City, Missouri

Cris Pannullo, a customer success operations manager from Ocean City, New Jersey (whose 17-day cash winnings total $610,344)

[next game >>]

Jeopardy! Round responses

OUR DIVIDED NATION
TIME FOR SOME FOOD
MOVIE TITLE FUN
FOREIGN WORDS & PHRASES
ELEMENTARY
MY DEAR WATSON
    $200 26
Colorado

Cris
    $200 30
(Randall: What are Brussels spouts? [*].)

Brussels sprouts

Randall
    $200 21
(Randall: What is Sister Act?)
(Ken: --N--)
(Randall: 2?)
(Ken: Yes, I think you got it just in the nick of time.)

Sister Act 2

Randall
    $200 29
money

Cris
    $200 24
(Jeannette: What's China?)

Japan

CrisJeannette
    $200 19
Brown

Randall
    $400 18
Harlem

Cris
    $400 23
the peanut

Cris
    $400 25
(Ken: [Imitating [*]] Very nice.)
[Scattered chuckles]

Borat

Cris
    $400 28
sacrebleu

Randall
    $400 12
(Cris: What is... lead?)

silver

CrisRandall
    $400 27
Huckleberry Finn

Jeannette
    $600 10
Portland

Cris
    $600 22
macarons

Jeannette
    $600 16
Syriana

Randall
    $600 7
a wolf

Cris
    $600 20
electrons

Cris
    $600 8
think

Cris
    $800 1
Texas

Cris
    $800 14
sliders

Randall
    $800 6
[Randall did not include the leading article in his response.]

The Black Klansman

Randall
    $800 15
yakuza

Randall
    $800 17
phosphorus

Cris
    $800 13
Crick

Randall
    $1,000 2
(University of) Hawaii

Cris
    $1000 9
apples

Cris
    $1000 3
(Ken: Yes, it's not High Noon, but [*].)

Shanghai Noon

Cris
    $1000 11
a putsch

Cris
    $1000 5
argon

Randall
    $1000 4
(Cris: What is behavioralism?)

behaviorism

Cris
Triple Stumper

Scores at the first commercial break (after clue 15):

Cris Jeannette Randall
$5,200 $0 $4,600

Scores at the end of the Jeopardy! Round:

Cris Jeannette Randall
$8,400 $800 $6,200

Double Jeopardy! Round responses

DECLARATION OF INDEPENDENCE SIGNERS
A GIANT CATEGORY
SOMETHING TO READ
THEM'S FIGHTIN' WORDS
A COLORFUL SONG TITLE
YOU CAN QUOTE "ME"
    $400 21
Sam Adams

Cris
    $400 27
Norse

Randall
    $400 17
Yuma

Jeannette
    $400 23
a clash

Randall
    $400 13
the yellow rose

Cris
    $400 19
What, me worry?

Cris
    $800 30
John Hancock

Triple Stumper
    $800 20
South Africa

Cris
    $800 18
Quasimodo

Jeannette
    $800 26
a scrum (a skirmish)

Jeannette
    $800 22
"Brown Eyed Girl"

Cris
    $800 16
Me Tarzan, you Jane

Jeannette
    $1200 29
Jefferson

Cris
    $1200 24
in the earth

Triple Stumper
    $1200 4
Sam

Triple Stumper
    $1200 9
vendetta

Cris
    $1200 1
Solo

Cris
    $4,000 10
(Ken: Cris?)
(Cris: Uh, what is... mea culpa?)

Greek to me

Cris
    $7,600 2
(Ken: [*] is correct, the source of our word, gerrymander.)

(Elbridge) Gerry

Cris
    $1600 8
a Schnauzer

Cris
    $1600 3
Lady Chatterley's Lover

Cris
    $1600 5
loggerheads

Cris
    $1600 7
"Orange Crush"

Cris
    $1600 6
show me

Randall
    $2000 12
Georgia

Jeannette
    $2000 28
Marfa

Randall
    $2000 15
(Joan) Didion

Cris
    $2000 25
donnybrook

Triple Stumper
    $2000 11
the Black Parade

Cris
    $2000 14
(Jeannette: What is mea culpa?)

woe is me

JeannetteRandall

Scores at the end of the Double Jeopardy! Round:

Cris Jeannette Randall
$28,800 $3,600 $12,600
(lock game)

[wagering suggestions for these scores]

Final Jeopardy! Round responses

FLAGS OF OUR HEMISPHERE
(Ken: [To Jeannette] [*] does have the 27 stars on the little globe on its flag.)
...
(Ken: [To Randall] ... which does have stars, I think, but not enough.)
JeannetteWhat is Mexico? Brazil?
$3,000
RandallWhat is Venezuela?
$0
CrisWhat is Mexico
$1,221
Brazil

Final scores:

Cris Jeannette Randall
$27,579 $6,600 $12,600
18-day champion: $637,923 3rd place: $1,000 2nd place: $2,000

Game dynamics:

Coryat scores:

Cris Jeannette Randall
$26,800 $3,600 $12,600
31 R
(including 2 DDs),
3 W
(including 1 DD)
7 R,
2 W
16 R,
0 W

Combined Coryat: $43,000

[game clues] [game scores] [suggest correction]

Game tape date: 2022-10-11
The J! Archive is created by fans, for fans. Scraping, republication, monetization, and malicious use prohibited; this site may use cookies and collect identifying information. See terms. The Jeopardy! game show and all elements thereof, including but not limited to copyright and trademark thereto, are the property of Jeopardy Productions, Inc. and are protected under law. This website is not affiliated with, sponsored by, or operated by Jeopardy Productions, Inc. Join the discussion at JBoard.tv.